000 01093nam a2200289 4500
001 0000016440
003 CO-CtgCURN
005 20250331185213.0
007 ta
008 160627s1999 000 0 eng d
040 _aCO-CtgCURN
_bspa
_ccoctgcurn
082 0 _a616.079
_bR62i
100 1 _aRojas Montoya, William.
245 1 0 _aInmunología /
_cWilliam Rojas Montoya.
250 _a11a ed.
260 _aMedellin :
_bCIB (Corporación para Investigaciones biologicas),
_c1999.
300 _axiv, 445 p.
336 _2rdacontent
337 _2rdamedia
_asin mediacion
_bn
338 _2rdacarrier
_avolumen
_bnc
500 _aIncluye bibliografia e indice.
505 8 _aGeneralidadades sobre inmunidad.--Inmunidad natural.--Fagocitosis.--Inflamacion.--Inmunidad especifica linfocitos -organos linfoides.--Antigenos.--Control de la respuesta inmunitaria.--Enfermedades de la piel.--Enfermedades oftalmologicas
650 1 4 _aInmunología.
908 _a160627
942 _cBK
_h616.079
_iR62i
_2ddc
999 _c22763
_d22763